00676nam a2200193Ia 4500001002500000003000900025008004100034040002300075041001300098100001900111245005600130250001500186260002600201300001900227490004300246501012400289520003600413700003300449281.942 1-ICO an (19962)IT-MiSPE171229s9999||||xx |||||||||||||| ||und|| aIT-MiSPEcIT-MiSPE aITALIANO aLuciana Mirri  0aIconografia dell'animabVoci dal grande eremo russo a1a ed. (v) aMilanobPaolinec2007 a357 p. c20 cm aLetture cristiane del II millenniov39 aEdizioni San Paolo srl - Piazza Soncino, 5 - 20092 CINISELLO BALSAMO (MI) (non commercial uses only) ® Copyright 2018 aAA.VV. Monaci di Optina Pustyn' aRossella Zugang(traduzione)